000 00446nab a2200145Ia 4500
003 ES-SlBCS
005 20210601131726.0
008 140529s1953 xxu||||| |||| 00| 0 fre d
041 _afre
100 1 _aL'huillier, Jacques A.
_937290
245 0 0 _aMalaise paysan et corporatisme agricole
_c Jacques A. L'Huillier
650 0 4 _aCorporatismo Agrario
_9188341
773 0 _tVie Intelectuelle (La)
_gnº. 12, 1953, págs. 89-92
_wRev907
942 _cAR
999 _c567717
_d567717